=LDR 00000nam 2200000 4500 =001 INLIS000000000011455 =005 20201228011956 =035 ##$$a 0010-061300000011455 =008 201228################g##########0#ind## =041 ##$$a Ind =082 ##$$a 333.7 =090 ##$$a 333.76, Ind p =100 ##$$a Indriani, Yovita Hety =245 1#$$a Pemilihan tanaman dan lahan sesuai kondisi lingkungan dan pasar /$c Yovita Hety Indriani =260 ##$$a Jakarta :$b Penebar Swadaya,$c 1996 =300 ##$$a vii, 124 hlm. : $b ilus. ; $c 21 x 15 cm. =650 #4$$a Tanah Pertanian =850 ##$$a NBPNMAT =020 ##$$a 979-489-174-6 =084 ##$$a 333.7 IND p =250 ##$$a Cet. 2 =990 ##$$a 119.662/Pro-97 =990 ##$$a 119.663/Pro-97 =990 ##$$a 119.664/Pro-97 =990 ##$$a 119.665/Pro-97 =990 ##$$a 119.666/Pro-97 =990 ##$$a 16181618 =990 ##$$a 00033465 =990 ##$$a 119.662/Pro-97 =990 ##$$a 119.663/Pro-97 =990 ##$$a 119.664/Pro-97 =990 ##$$a 119.665/Pro-97 =990 ##$$a 119.666/Pro-97